Atlas de anatomia topográfica dos animais domésticos Volume 1.

Bibliographic Details
Main Author: Popesko, Peter, 1925-1993 (Author)
Other Authors: Marques dePaiva, Orlando (Translator)
Format: Book
Language:Portuguese
Undetermined
PhysicalDescription:211 s. fareb. ilustr. 33 cm
Published: Sao Paulo Editora Manole Ltda. 1997
ISBN:8520404537
Edition:3. reimp. com modificaçôes ed.
Subjects:

MARC

LEADER 00000nam a2200000 a 4500
001 vtls001405826
003 SK-MaSNL
005 20260301202048.0
008 240313s1997 bl a r 000 0 por
015 |a SNBZSA2001-00048 
020 |a 8520404537 
035 |a SNK000360454 
035 |a urn:nbn:sk:snk-amyhdc 
035 |a urn:nbn:sk:snk-am00ckzr 
035 |a FE9BCB71-BA34-4359-94C1-CF8273C51479 
040 |a SNK  |b slo  |c SNK  |e AACR2 
041 1 |a por  |h und 
044 |a bl  |c BR 
080 |a 619:611.96/.98:636(084.12)=690  |2 1981 
080 |a 636  |2 1981 
100 1 |a Popesko, Peter,  |d 1925-1993  |4 aut  |9 119311 
240 1 0 |a Atlas topografickej anatómie hospodárskych zvierat  |l Portugalsky 
245 1 |a Atlas de anatomia topográfica dos animais domésticos  |n Volume 1.  |c Peter Popesko ; versăo para o portugu es, a partir do latim, do Orlando Marques de Paiva 
250 |a 3. reimp. com modificaçôes ed. 
260 |a Sao Paulo  |b Editora Manole Ltda.  |c 1997 
300 |a 211 s.  |b fareb. ilustr.  |c 33 cm 
500 |a Tlač. na Slovensku 
504 |a Reg. 
650 0 7 |a topografická anatómia  |2 SNKPH  |9 2606 
650 0 7 |a hospodárske zvieratá  |2 SNKPH  |9 1097 
655 7 |a atlasy  |2 SNKPH  |9 70424 
700 1 |a Marques dePaiva, Orlando  |4 trl  |9 296894 
919 |a 85-204-0453-7 
958 |a ZS 
958 |a TL 
958 |a OP 
958 |a BR 
958 |a VM 
958 |a OND 
999 |c 897397  |d 899327 
952 |t P60, <03>, [BOOK], {603}  |a SNK  |b SNK  |y PREZ  |7 0  |p 17A0266574  |o snkSB 62941/1  |i snkD 147/2001  |0 0  |1 0  |4 0  |d 2001-01-29  |f 1  |l 0  |r 2025-04-15 00:00:00  |w 2026-02-24 
952 |t P60, <04>, [BOOK], {604}  |a SNK  |b SNK  |y VYP  |7 0  |p 17A0266573  |o snkSB 62941/1 D1  |i snkD 148/2001  |0 0  |1 0  |4 0  |d 2001-01-29  |l 0  |r 2005-01-02 00:00:00  |w 2026-02-24